| 000 | 00348nam a2200145Ia 4500 | ||
|---|---|---|---|
| 008 | 191201s1963 xx 000 0 und d | ||
| 082 |
_a530 _bWEE |
||
| 100 | _aWEIDNER,Richard T | ||
| 245 | 0 | _aElementary Modern Physics | |
| 250 | _a6th Printing | ||
| 260 |
_aBoston _bAllyn and Bacon _c1963 |
||
| 300 | _a513 | ||
| 650 | _aApplied | ||
| 942 |
_2ddc _cBK |
||
| 999 |
_c639 _d639 |
||